| 000 | 00487nam a2200181 a 4500 | ||
|---|---|---|---|
| 001 | 12555 | ||
| 003 | CO-ViMGA | ||
| 008 | 141112s2004 ck r 000 u spa d | ||
| 040 |
_aCO-ViMGA _bspa _cCO-ViMGA |
||
| 082 | 0 | 4 | _aCo868.6 M22c |
| 100 | 1 |
_aMccauslan, Sojo Ernesto _918114 |
|
| 245 | 1 | 0 | _aLas Crónicas de MacCausland |
| 260 |
_aBogotá : _bEspasa, _c1996 |
||
| 300 | _a197p. | ||
| 650 | 1 | 4 |
_aCRONICAS COLOMBIANAS _916265 |
| 650 | 1 | 4 |
_aLITERATURA - COLOMBIANA _91068 |
| 942 |
_2ddc _cBK |
||
| 999 |
_c23550 _d23550 |
||